000 00800cam a2200205 i 4500
005 20260120095617.0
008 250721s2023 jo gr 000 0 ara d
020 _a9789957187484
082 1 4 _a336
_bع ا م
100 1 _aالعامري، سعود جايد
_eمؤلف.
245 1 0 _aمدخل معاصر في علم المالية العامة /
_cتأليف أ.د. سعود جايد العامري، د. عقيل حميد الحلو.
264 3 1 _aعمان :
_bدار المناهج للنشر و التوزيع،
_c2023.
300 _a486 صفحة.
650 1 7 _aالمالية العامة.
650 1 7 _aالنفقات المالية.
650 1 7 _aالايرادات.
700 1 _aالحلو، عقيل حميد
_eمؤلف.
942 _2ddc
_cBK
999 _c144761
_d144761